Draw attention to rights (Record no. 67546)
[ view plain ]
| 000 -LEADER | |
|---|---|
| fixed length control field | 01247cam a2200265 4500 |
| 001 - CONTROL NUMBER | |
| control field | ABS64183 |
| 008 - FIXED-LENGTH DATA ELEMENTS--GENERAL INFORMATION | |
| fixed length control field | 000000n2001 000 0 eng u |
| 035 ## - SYSTEM CONTROL NUMBER | |
| System control number | (Sirsi) u113379 |
| 100 ## - MAIN ENTRY--PERSONAL NAME | |
| Personal name | Codd, M. |
| 245 ## - TITLE STATEMENT | |
| Title | Draw attention to rights |
| 260 ## - PUBLICATION, DISTRIBUTION, ETC. | |
| Date of publication, distribution, etc. | 2001 |
| 490 ## - SERIES STATEMENT | |
| Series statement | Estates Gazette |
| Volume/sequential designation | (0125) 23 June 2001, 150-151(2) |
| 520 ## - SUMMARY, ETC. | |
| Summary, etc. | Warns that developers must take care to avoid infringing third party rights which may be created by express grant, under the Law of Property Act 1925 s62, or by prescription, although in the latter case the Prescription Act 1832 s2 requires 20 years' uninterrupted use. Any easement or informal quasi-easement enjoyed by a third party, including the right to light, is a right which should not be interfered with by any development. Considers what constitutes both interference and actionable interference and what steps a developer can take to avoid litigation. Case law. |
| 590 ## - LOCAL NOTE (RLIN) | |
| Local note | ABS |
| 650 ## - SUBJECT ADDED ENTRY--TOPICAL TERM | |
| Topical term or geographic name entry element | ACTIONABLE INTERFERENCE |
| 650 ## - SUBJECT ADDED ENTRY--TOPICAL TERM | |
| Topical term or geographic name entry element | EASEMENTS |
| 650 ## - SUBJECT ADDED ENTRY--TOPICAL TERM | |
| Topical term or geographic name entry element | EXPRESS GRANT |
| 650 ## - SUBJECT ADDED ENTRY--TOPICAL TERM | |
| Topical term or geographic name entry element | INTERFERENCE |
| 650 ## - SUBJECT ADDED ENTRY--TOPICAL TERM | |
| Topical term or geographic name entry element | LAW OF PROPERTY ACT 1925 S62 |
| 650 ## - SUBJECT ADDED ENTRY--TOPICAL TERM | |
| Topical term or geographic name entry element | PRESCRIPTION ACT 1832 S2 |
| 650 ## - SUBJECT ADDED ENTRY--TOPICAL TERM | |
| Topical term or geographic name entry element | PRESCRIPTIVE RIGHTS |
| 650 ## - SUBJECT ADDED ENTRY--TOPICAL TERM | |
| Topical term or geographic name entry element | THIRD PARTY RIGHTS |
| 690 ## - LOCAL SUBJECT ADDED ENTRY--TOPICAL TERM (OCLC, RLIN) | |
| Topical term or geographic name as entry element | PROPERTY |
| 942 ## - ADDED ENTRY ELEMENTS (KOHA) | |
| Suppress in OPAC | 0 |
| Withdrawn status | Lost status | Source of classification or shelving scheme | Damaged status | Not for loan | Home library | Current library | Shelving location | Date acquired | Total Checkouts | Full call number | Barcode | Date last seen | Copy number | Price effective from | Koha item type |
|---|---|---|---|---|---|---|---|---|---|---|---|---|---|---|---|
| Dewey Decimal Classification | London | London | Journal article | 03/07/2001 | ABS64183 | 113379-1001 | 06/08/2019 | 1 | 06/08/2019 | Journal article |